ARRUPE JESUIT UNIVERSITY

CORONAVIRUS -STOP THE SPREAD - CLEAN,DISINFECT,COVER
Normal view MARC view

Entry Topical Term

Number of records used in: 1

001 - CONTROL NUMBER

  • control field: 20903

003 - CONTROL NUMBER IDENTIFIER

  • control field: ARRUPE

005 - DATE AND TIME OF LATEST TRANSACTION

  • control field: 20151104114744.0

008 - FIXED-LENGTH DATA ELEMENTS

  • fixed length control field: 151104|| aca||aabn | a|a d

040 ## - CATALOGING SOURCE

  • Original cataloging agency: ARRUPE
  • Transcribing agency: ARRUPE

150 ## - HEADING--TOPICAL TERM

  • Topical term or geographic name as entry element: Clement and Alexandria
  • General subdivision: Exhortation to the Greeks

670 ## - SOURCE DATA FOUND

  • Source citation: Work cat.: (ARRUPE)0: Battles, Ford Lewis. 20898, Irenaeus, Against heresies, Clement of Alexandria, The exhortation to the Greeks and Quis dives salvetur? /, 1993.

 

Arrupe Library. PO Box MP320 Mt Pleasant, Harare, Zimbabwe
263 242 745411|librarian@aju.ac.zw